traitor - Olivia Rodrigo (All Lyrics) - Statistics

General Stats
  • This quiz has been taken 6,835 times
  • The average score is 283 of 354
Answer Stats
traitor % Correct
a
98%
I
98%
you
98%
Chorus You
98%
and
96%
Pre-Chorus And
96%
but
94%
to
94%
we
94%
did
93%
her
93%
so
93%
That
93%
that
93%
me
92%
your
91%
it
90%
It
90%
The
90%
the
90%
traitor
90%
were
89%
when
89%
When
89%
know
88%
talked
88%
didn't
87%
never
87%
sorry
87%
still
87%
betrayed
86%
go
86%
feel
85%
For
85%
together
85%
way
85%
yeah
84%
Yeah
84%
you're
84%
cheat
83%
two
83%
weeks
83%
love
82%
matter
82%
took
81%
date
80%
hurt
80%
you'll
79%
Guess
77%
off
76%
could
75%
Could
75%
eyes
75%
in
75%
even
74%
guilty
73%
knew
73%
lies
73%
Little
73%
Verse 1 Brown
72%
don't
72%
Don't
72%
funny
72%
funny?
72%
no
72%
white
72%
ain't
71%
Ain't
71%
always
71%
how
71%
maybe
71%
with
71%
worse
71%
keep
70%
played
68%
like
67%
kept
66%
quiet
66%
said
66%
dumb
65%
second
65%
called
64%
friends?
62%
Now
62%
worst
62%
ran
61%
at
59%
look
59%
she's
59%
Loved
58%
quits?
58%
as
56%
just
56%
sure
56%
fell
55%
wish
55%
hell
54%
gave
53%
Bridge | Outro God
53%
this
53%
Before
52%
down
52%
Show
52%
trophy
52%
went
52%
fall
51%
new
51%
thought
51%
around
50%
true
50%
was
50%
bring
49%
if
49%
shut
49%
There's
49%
through
49%
All
48%
damn
48%
quickly
48%
told
48%
made
47%
word
47%
bed
46%
about
45%
paranoid?
45%
somebody
45%
dare
44%
forget
44%
sleepin'
42%
games
41%
had
41%
twisted
41%
avoid
40%
up
40%
used
40%
questions
39%
brought
37%
Cause
35%
Remember
31%
No matching quizzes found
Score Distribution
Percent of People with Each Score
Percentile by Number Answered
Your Score History
You have not taken this quiz